000 00368nam a2200133Ia 4500
005 20260326100036.0
008 260326s9999||||xx |||||||||||||| ||und||
100 _aRoth, Leland M.
245 0 _aEntender la Arquitectura :
_b Sus elementos, Historia y Significado /
_cLeland M. Roth
260 _bGustavo Gili
300 _a599 p.
650 _aARQUITECTURA
942 _cBK
999 _c6811
_d6811